| 000 | 00530nam a22002177a 4500 | ||
|---|---|---|---|
| 003 | OSt | ||
| 005 | 20140310183121.0 | ||
| 008 | 130511t xxu||||| |||| 00| 0 eng d | ||
| 020 | _a9789712356827 | ||
| 050 |
_aHA29 _b.Ar662 2007 |
||
| 082 |
_aFIL 519.5 _bSt2 2007 |
||
| 245 |
_aStatistics _cArao, Rosalia |
||
| 260 |
_aManila _bREX Book Store _c2007 |
||
| 300 |
_a250 p. _c25 cm |
||
| 521 | _aCollege Students | ||
| 526 | _c1210L-1700L | ||
| 541 | _j1 | ||
| 541 | _j2 | ||
| 562 | _e2 | ||
| 942 |
_2lcc _cBK _kFIL |
||
| 999 |
_c18935 _d18935 |
||